Poemas a toda plana (Record no. 178765)

MARC details
000 -LEADER
campo de control de longitud fija 01039nam a2200265 4500
001 - NÚMERO DE CONTROL
campo de control 178765
003 - IDENTIFICADOR DE NÚMERO DE CONTROL
campo de control ES-MaACL
005 - FECHA Y HORA DE LA ÚLTIMA TRANSACCIÓN
campo de control 20250911062851.0
008 - DATOS DE LONGITUD FIJA--INFORMACIÓN GENERAL
campo de control de longitud fija 110617s2009 sp |||| | spa d
020 ## - NÚMERO INTERNACIONAL ESTÁNDAR DEL LIBRO
Número Internacional Estándar del Libro 978-84-9895-731-0
080 ## - NÚMERO DE LA CLASIFICACIÓN DECIMAL UNIVERSAL
Número de la Clasificación Decimal Universal 82-1"19"(082.2)
245 00 - MENCIÓN DEL TÍTULO
Título Poemas a toda plana
Resto del título : poesía y periodismo /
Mención de responsabilidad, etc. Juan José Téllez (ed.) ; prólogo de Luis García Montero.
260 ## - PUBLICACIÓN, DISTRIBUCIÓN, ETC.
Lugar de publicación, distribución, etc. Madrid :
Nombre del editor, distribuidor, etc. Visor Libros,
Fecha de publicación, distribución, etc. [2009]
300 ## - DESCRIPCIÓN FÍSICA
Extensión 314 p. ;
Dimensiones 20 cm.
490 1# - MENCIÓN DE SERIE
Mención de serie Colección Visor de poesía ;
Designación de volumen o secuencia 731
505 8# - NOTA DE CONTENIDO CON FORMATO
Nota de contenido con formato Contiene: ;
Título Periodismo y poesía /
Mención de responsabilidad L. García Montero. --
Título Poesía en la redacción /
Mención de responsabilidad J.J. Téllez
650 04 - PUNTO DE ACCESO ADICIONAL DE MATERIA--TÉRMINO DE MATERIA
Término de materia o nombre geográfico como elemento de entrada Poesía-
Subdivisión cronológica S.XX
9 (RLIN) 16200
650 #4 - PUNTO DE ACCESO ADICIONAL DE MATERIA--TÉRMINO DE MATERIA
Término de materia o nombre geográfico como elemento de entrada Periodismo y literatura-
Subdivisión geográfica España
9 (RLIN) 15960
700 1# - ENTRADA AGREGADA--NOMBRE PERSONAL
Nombre de persona Téllez, Juan José.
9 (RLIN) 109632
700 1# - ENTRADA AGREGADA--NOMBRE PERSONAL
Nombre de persona García Montero, Luis,
Fechas asociadas al nombre 1958-
9 (RLIN) 54978
830 0# - PUNTO DE ACCESO ADICIONAL DE SERIE-TÍTULO UNIFORME
Título uniforme Colección Visor de poesía
Designación de volumen o secuencia 731
9 (RLIN) 177331
852 ## - LOCALIZACIÓN
Ubicación ES-MaACL
Número de control de estantería A-11291
itemnumber 185626
Sublocalización o colección R.145613
Ubicación en estantería Depósito 1
Signatura antigua Olim: N-4295
942 ## - ELEMENTOS DE ENTRADA SECUNDARIOS (KOHA)
Fuente del sistema de clasificación o colocación Clasificación decimal universal
Tipo de ítem Koha Libro impreso
Holdings
Estatus retirado Estado de pérdida Fuente del sistema de clasificación o colocación Estado de daño No para préstamo Biblioteca de origen Biblioteca actual Ubicación en estantería Fecha de adquisición Fuente de adquisición Total de préstamos Signatura topográfica completa Código de barras Visto por última vez Precio de reemplazo Tipo de ítem Koha
    Clasificación decimal universal     Biblioteca del Ateneo de Madrid Biblioteca del Ateneo de Madrid Depósito 1 17/06/2011 Compra   A-11291 1187778 23/02/2023 23/02/2023 Libro impreso